03361cam a22003254a 450000100090000000300040000900500170001300800410003001000170007102000280008804000330011604200080014905000220015708200190017910000290019824500410022725000120026826000400028030000430032050000200036350520950038365000260247885600870250485600750259190600450266694200130271199900130272495201730273795201250291013083470OSt20260311123411.0030205s2004 maua 001 0 eng  a 2003043047 a007254936X (alk. paper) aBSULIBcBSULIBdDLCbEnglish apcc00aHB172b.C558 200400a338.5221bCOL1 aColander, David C.9125110aMicroeconomics /cDavid C. Colander. a5th ed. aBoston :bMcGraw-Hill Irwin,c2004. axxiv, 467, [61] p. :bcol. ill. ;ccm. aIncludes index. aI: Introduction Chapter 1: Economics and Economic Reasoning Chapter 2: Trade and Tradeoffs + Chapter 3: The Evolving U.S. Economy in Perspective + Chapter 4: Supply and Demand Chapter 5: Applying Supply and Demand II: Microeconomics I: Microeconomics: The Basics Chapter 6: Describing Supply and Demand: Elasticities Chapter 7: Taxation and Government Intervention II: Foundations of Supply and Demand Chapter 8: The Logic of Individual Choice: The Foundation of Supply and Demand Chapter 9: Production and Cost Analysis I Chapter 10: Production and Cost Analysis II III Market Structure and Policy Chapter 11: Perfect Competition Chapter 12: Monopoly Chapter 13: Monopolistic Competition, Oligopoly, and Strategic Pricing Chapter 14: Real-World Competition and Technology + Chapter 15: Antitrust Policy and Regulation IV: Factor Markets Chapter 16: Work and the Labor Market Chapter 17: Who Gets What? The Distribution of Income V: Applying Economic Reasoning to Policy Chapter 18: Government Policy and Market Failures Chapter 19: Politics and Economics: The Case of Agriculture Chapter 20: Microeconomic Policy, Economic Reasoning, and Beyond Chapter 21: International Trade Policy III: Macroeconomics I: Macroeconomic Problems Chapter 22: Economic Growth, Business Cycles, Unemployment, and Inflation Chapter 23: National Income Accounting II: The Macroeconomic Framework Chapter 24: Growth, Productivity, and the Wealth of Nations Chapter 25: Aggregate Demand, Aggregate Supply, and Modern Macroeconomics Chapter 26: The Multiplier Model III: Money and Monetary Policy Chapter 27: Money, Banking, and the Financial Sector Chapter 28: Monetary Policy and the Debate about Macro Policy Chapter 29: Inflation and Its Relationship to Unemployment and Growth + IV: Policy Issues in Depth Chapter 30: Aggregate Demand Policy in Perspective + Chapter 31: Politics, Surpluses, Deficits, and Debt + Chapter 32: Macro Policies in Developing Countries * V: International Policy Issues Chapter 33: International Finance + Chapter 34: Monetary and Fiscal Policy in a Global Setting  0aMicroeconomics.91533423Publisher descriptionuhttp://www.loc.gov/catdir/description/mh031/2003043047.html413Table of contentsuhttp://www.loc.gov/catdir/toc/mh031/2003043047.html a7bcbccorignewd1eocipf20gy-gencatlg 2ddccRES c590d590 00102ddc40708NFICabsubbsucRBSd2009-11-14ePurchasedi20141l0o338.5COLpbsu26030138r2012-11-14 00:00:00t001w2012-11-14yRESzMaterial available in hard copy 00102ddc40708NFICabsubbsucRESd2009-11-14ePurchasedl0o338.5COLp20142r2012-11-14 00:00:00t2w2012-11-14yRES